Quizzes
Events
Quiz Creation
Community
Videos
Private Events
Remove Ads
Sign In
Join for FREE
Feedback
Dark Mode
Quiz Categories
Sports
Geography
Music
Movies
Television
Just For Fun
Miscellaneous
History
Literature
Language
Science
Gaming
Entertainment
Religion
Holiday
For Kids
Quiz Lab
Recent
Popular Today
Quiz Kudos Today
Editor Picks
Curator Picks
Quizzes by...
Day
Popularity
Type
Ratings
Length
Year
Community
Subscriptions
Recent Discussions
Orange Saloon
Badges
Playlists
Quests
Create
Leaderboards
Showdown
Live 5
Trivia Bingo
Activity
Puzzle Library
Sporcle Events
Private Events
Virtual Trivia
Globe League
Become a Host
Pub Owners
SporcleCon
Opinionation
Our Games
Videos
Blog
Mobile Apps
Partnerships
Remove Ads and Go Orange
Feedback
Sports
Athletes
MLB
NBA
NHL
NFL
Soccer
Sports Teams
WWE
NCAA
Football
Premier League
Basketball
Baseball
Hockey
Golf
Tennis
Cricket
Rugby
Auto Racing
Olympics
World Cup
Sports
Athletes
MLB
NBA
NHL
NFL
Soccer
Sports Teams
WWE
NCAA
Football
Premier League
Basketball
Baseball
Hockey
Golf
Tennis
Cricket
Rugby
Auto Racing
Olympics
World Cup
Random Quiz
Search Sporcle
×
Quiz Lab
Quiz Lab
Sports
Soccer
Type in answers that appear in a list
Type in answers that appear in a list
Classic
Best Score? Go Orange.
Highest Rated FIFA16 Players Stats
Do you know the highest rated FIFA Players?
By
gargargb
5m
50 Questions
440 Plays
440 Plays
440 Plays
Comments
Comments
Give Quiz Kudos
Give Quiz Kudos
-
- Ratings
hide this ad
Replay
Link that replays current quiz
Next Quiz
Link to next quiz in quiz playlist
You Got
0%
They Got
Avg Score
74%
Avg Friend Score
Upgrade to see
Score Distribution
Jump to the score distribution portion of the page
Score
0/50
Timer
05:00
0
Plays Today
Club & Position
Player
% Correct
Barcelona-
RW-
94
Messi
99.1%
Real Madrid-
LW-
93
Ronaldo
97.7%
Barcelona-
ST-
90
Suarez
93.9%
Bayern Munich-
GK-
90
Neuer
92%
Barcelona-
LW-
88
Neymar
92%
Chelsea-
LM-
89
Hazard
90.7%
Bayern Munich-
RM-
90
Robben
90%
PSG-
CB-
88
Silva
89.3%
PSG-
ST-
89
Ibrahimovic
88.9%
Manchester City-
CAM-
88
Silva
88%
Barcelona-
CM-
88
Iniesta
87.7%
Manchester City-
ST-
87
Aguero
87.7%
Arsenal-
CAM-
87
Ozil
84.1%
Real Madrid-
CB-
87
Ramos
83.4%
Manchester United-
GK-
86
De Gea
81.4%
Real Madrid-
CM-
87
Modric
80.9%
Real Madrid-
CM-
87
Kroos
79.8%
Bayern Munich-
LM-
87
Ribery
78.9%
Bayern Munich-
CB-
87
Boateng
78.6%
Real Madrid-
RM-
87
Bale
78.6%
Bayern Munich-
ST-
87
Lewandowski
78.4%
Arsenal-
LW-
86
Sanchez
76.1%
Real Madrid-
ST-
86
Benzema
74.8%
Borussia Dortmund-
LM-
86
Reus
73.9%
Manchester City-
CAM-
86
De Bruyne
73.9%
Club & Position
Player
% Correct
Borussia Dortmund-
CB-
86
Hummels
73.6%
Bayern Munich-
CF-
86
Muller
73.2%
Juventus-
CB-
87
Chiellini
73%
Real Madrid-
CAM-
87
Rodriguez
70.9%
PSG-
ST-
85
Cavani
70.7%
Manchester United-
ST-
86
Rooney
70.7%
Chelsea-
ST-
86
Costa
70.7%
Bayern Munich-
CDM-
87
Lahm
70.2%
Barcelona-
CB-
85
Pique
70.2%
Chelsea-
GK-
86
Courtois
70.2%
Juventus-
CM-
86
Pogba
70.2%
Barcelona-
CDM-
86
Busquets
70%
Boca Juniors-
ST-
86
Tevez
70%
Chelsea-
CM-
87
Fabregas
69.3%
Arsenal-
GK-
85
Cech
66.4%
Bayern Munich-
LB-
85
Alaba
65%
Manchester City-
CB-
85
Kompany
62.7%
Atletico Madrid-
CB-
85
Godin
60.5%
Manchester City-
CM-
85
Toure
57.5%
Chelsea-
CB-
85
Terry
57.3%
Manchester United-
CM-
86
Schweinsteiger
53.9%
PSG-
CAM-
85
Di Maria
51.1%
Arsenal-
CAM-
85
Cazorla
48.6%
Bayern Munich-
CM-
86
Vidal
47.3%
VFL Wolfsburg-
CB-
85
Naldo
45.7%
Quiz Playlist
Details
Report
Send in Message
Add To Playlist
Classic:
Type in answers that appear in a list
Last Updated: Feb 16, 2017
Quiz Scoreboard
CHALLENGE
Sign Up to Join the Scoreboard
Show All
Scores
Hide
Comments
May contain spoilers
Recently Published
College Basketball Coaching Resumes
by pancakes188
Sports
9m
Billboard Blitz: Fleetwood Mac
by CooCooCachoo
Music
15s
Presidents Visiting Landmarks
by Hejman
History
7m
More to Explore
Quiz From the Vault
Featured Blog Post
Where Did the Easter Bunny Come From?
hide this ad
You Might Also Like...
Tags
Soccer Quiz
Today's Top Quizzes in Sports
Browse Sports
hide this ad
Today's Top Quizzes in Soccer
Browse Soccer
Top Contributed Quizzes in Sports
1
2022 World Cup Stars
2
Les meilleurs buteurs des matchs entre le PSG et l’OM
3
FIFA Club World Cup Champions
4
Les entraîneurs de l'OM et du PSG au 21e siècle
5
Criteria MLB: Left Handed Sluggers
6
AFC Teams Reveal (Wrong Answers Minefield)
7
5-to-1: UK Sports Teams
8
5-to-1: FBS Animal Nicknames
9
2023 MLB Unique Player Accomplishments
10
Name the Premier League winners with different clubs
Explore More
Trending Topics
Marvel
Crossword
Disney
Anime
Harry Potter
Kpop
NBA
Song
Soccer
Country
WWE
Pokémon
NFL
The Office
Puzzle
hide this ad
More By:
gargargb
Quiz
Plays
Rating
Category
Featured
Created
Leicester's BPL Winning Team
7,386
5.00
Sports
May 10, 2016
Football Club Logos
2,680
3.95
Sports
May 15, 2016
FIFA16: BPL Team of the Season
2,170
4.89
Sports
May 11, 2016
Football Stadiums (England)
821
4.82
Sports
May 10, 2016
English Football Teams
706
4.90
Sports
May 9, 2016
Go to Creator's Profile
Score Distribution
Quiz Creator Spotlight
gargargb
Follow
Send a Message
Quizzes Created
-
Created Quiz Play Count
-
More By This Creator
Popular Quizzes Today
1
Find the US States - No Outlines Minefield
2
Find the Countries of Europe - No Outlines Minefield
3
The Countries of the World
4
Find the US States
5
Risky Map Clicking: Biggest States A-Z
6
US States
7
Popular People in 1961
8
Movies - When Are They Set?
More Sports Quizzes
Thierry Henry's Clubs
Quiz Lab
Trending Quizzes
Risky Map Clicking: Least Populous States A-Z
1-10 Letter G Words
1-10 Letter F Words
Risky Map Clicking: Next State Alphabetically
Risky Map Clicking: Biggest States A-Z
Recently Updated
Leaping Animals
pecheneg
Reality TV Shows (A-Z)
bhenderson79
Rickey Henderson's Hall of Fame Teammates
pecheneg
Champions League XIs: Arsenal
pecheneg
Quick Pick: Celebrities in WWE's Hall of Fame
aduchscher
A-Z Keypad Blitz II
pecheneg
Multiple Oscar Actors
pecheneg
Mystery Phrase Blitz: Oscar 'Best Actors'
pecheneg
F. Scott Fitzgerald Novels
LTH
Pick 3 Villains
ddd62291
Trending Topics
Marvel
Kpop
Crossword
Anime
Disney
Harry Potter
NBA
The Office
WWE
Soccer
Pokémon
Song
Puzzle
Country
NFL
Your Account Isn't Verified!
In order to create a playlist on Sporcle, you need to verify the email address you used during registration. Go to your
Sporcle Settings
to finish the process.
Report this User
Report this user for behavior that violates our
Community Guidelines
.
Details:
Send Report
Go to the Sporcle.com Mobile Site →
Comments